LEADER 01416nam0 2200265 450 001 000013698 005 20090304161449.0 100 $a20080627d1905----km-y0itay50------ba 101 0 $aita 102 $aIT 105 $aa-------001yy 200 1 $a<>turbine a vapore ed a gas ...$fGiuseppe Belluzzo 210 $aMilano$cUlrico Hoepli$d1905 215 $aXV, 413 p.$cill.$d23 cm 316 $aLegatura in quarto di pelle su piatti di cartone ricoperti di c. dec. (24x16x3 cm); dorso con A., tit. e filetti impressi in oro; ivi, inoltre, etichette con antiche segnature, etichetta con l'attuale coll. a coprire coll. del Regio Istituto Superiore Navale; foxing; imbrunimento delle carte$5UNIPARTHENOPE 317 $aSulla controguardia ant. antiche segnature mss.: 5°-F [n.i.]; II-H VI-12 [n.i.]; 108 g 7 [n.i.]; Classe III N.° 58 Ingresso n.° 951 del Registro inventario della Regia Marina Biblioteca dipartimentale di Napoli; questi ultimi parz. ripetuti, a matita, sul front.; Timbro A della Reale Biblioteca di Marina$5UNIPARTHENOPE 620 $aItalia$dMilano 676 $a621.1$v21$9INGEGNERIA DEL VAPORE 700 1$aBelluzzo,$bGiuseppe$0155 712 02$aDue Sicilie : Ministero della guerra e della marina$4390 801 0$aIT$bUNIPARTHENOPE$c20080627$gRICA$2UNIMARC 912 $a000013698 951 $aBORB-I-12$b951$cFB$d2008 996 $aTurbine a vapore ed a gas$9319373 997 $aUNIPARTHENOPE LEADER 01314nam0 2200301 i 450 001 SUN0005758 005 20120330125723.641 010 $a88-14-08381-9 020 $aIT$b2001 4749 100 $a20020813d2000 |0itac50 ba 101 $aita 102 $aIT 105 $a|||| ||||| 200 1 $aStato di necessità e conflitti di doveri$econtributo alla teoria delle cause di giustificazione e delle scusanti$fFrancesco Viganò 210 $aMilano$cGiuffrè$d[2000] 215 $aXIV, 601 p.$d24 cm. 410 1$1001SUN0005806$12001 $aCollana del Dipartimento di scienze giuridiche dell'Università degli studi di Brescia$1210 $aMilano$cGiuffrè. 606 $aStato di necessità$xDiritto penale$2FI$3SUNC002021 606 $aPunibilità$xEsclusione$2FI$3SUNC013906 620 $dMilano$3SUNL000284 676 $a345.4504$cResponsabilità penale e colpevolezza. Italia$v21 700 1$aViganò$b, Francesco$f1966- $3SUNV005097$0730875 712 $aGiuffrè$3SUNV001757$4650 801 $aIT$bSOL$c20181231$gRICA 912 $aSUN0005758 950 $aUFFICIO DI BIBLIOTECA DEL DIPARTIMENTO DI GIURISPRUDENZA$d00CONS XIV.Ea.156 $e00 17663 20020813 996 $aStato di necessità e conflitti di doveri$91438823 997 $aUNICAMPANIA